| 000 | 00895nam a2200265 4500 | ||
|---|---|---|---|
| 003 | OSt | ||
| 005 | 20240731074511.0 | ||
| 006 | a | ||
| 008 | 240731b |||||||| |||| 00| 0 eng d | ||
| 020 | _a9789749823989 | ||
| 040 |
_aDWCL-Main lib. _cOC |
||
| 082 |
_2Reprint edition _aCirc. 615.1 G179d 2007 |
||
| 100 | _aGalt, Kimberly A. | ||
| 245 | _aDeveloping clinical practice skills for pharmacists / | ||
| 250 | _aReprint edition | ||
| 260 |
_aBethesda, Md. : _bAmerican Society of Health-System Pharmacists, _cc2007. |
||
| 300 |
_aix, _b278 p. : ill. ; _c28 cm. |
||
| 504 | _aIncludes bibliographical references & index. | ||
| 650 | _a1. Pharmacist and patient. | ||
| 650 | _a2. Communication in pharmacy. | ||
| 650 | _a3. Pharmacists-Practice. | ||
| 650 | _a4. Clinical competence. | ||
| 650 | _a5. Pharmaceutical services. | ||
| 942 |
_2ddc _n0 _cBK-CIRC _eReprint edition _kCirc. |
||
| 999 |
_c3051 _d3051 |
||